Environmental engineering (Record no. 5357)

000 -LEADER
fixed length control field 00678nam a2200241 4500
001 - CONTROL NUMBER
control field 5357
003 - CONTROL NUMBER IDENTIFIER
control field BD-DhUET
008 - FIXED-LENGTH DATA ELEMENTS--GENERAL INFORMATION
fixed length control field 141126b xxu||||| |||| 00| 0 eng d
020 ## - INTERNATIONAL STANDARD BOOK NUMBER
International Standard Book Number 0071002316
040 ## - CATALOGING SOURCE
Transcribing agency 0
Modifying agency BD-DhUET
082 ## - DEWEY DECIMAL CLASSIFICATION NUMBER
Classification number 628
Item number PEA/1985
100 ## - MAIN ENTRY--PERSONAL NAME
Personal name Peavy, Howard S
245 ## - TITLE STATEMENT
Title Environmental engineering
250 ## - EDITION STATEMENT
Edition statement 1st ed.
260 ## - PUBLICATION, DISTRIBUTION, ETC. (IMPRINT)
Place of publication, distribution, etc. New york
Name of publisher, distributor, etc. McGraw-Hill
Date of publication, distribution, etc. 1985
300 ## - PHYSICAL DESCRIPTION
Extent xiv,699 p.+various paging
Other physical details ill.
490 ## - SERIES STATEMENT
Series statement McGraw-Hill series in water resources and environmental engineering
504 ## - BIBLIOGRAPHY, ETC. NOTE
Bibliography, etc Includes bibliographies
650 #0 - SUBJECT ADDED ENTRY--TOPICAL TERM
Topical term or geographic name as entry element Environmental engineering
700 ## - ADDED ENTRY--PERSONAL NAME
Personal name Rowe, Donald R.
700 ## - ADDED ENTRY--PERSONAL NAME
Personal name Tchobanoglous, George
942 ## - ADDED ENTRY ELEMENTS (KOHA)
Koha item type General Book
Holdings
Koha issues (times borrowed) Koha item type Piece designation (barcode) Koha full call number Price effective from Damaged status Shelving location Location (home branch) Koha date last seen Withdrawn status Copy number Sublocation or collection (holding branch) Lost status Not for loan Koha normalized classification for sorting Source of classification or shelving scheme Koha date last borrowed Koha renewals Date acquired
9General Book81896628/PEA/19852014-11-26 Circulation sectionCentral Library, BUET2024-09-08 1Central Library, BUET  628PEA1985 2023-12-10 2014-11-26
10General Book81895628/PEA/19852014-11-26 Circulation sectionCentral Library, BUET2024-06-02 2Central Library, BUET  628PEA1985 2024-03-16 2014-11-26
 Reading Item88788628/PEA/19852015-06-18 Reading sectionCentral Library, BUET2015-06-18 3Central Library, BUET  628_000000000000000_PEA_1985   2015-06-18
 Reading Item87579628/PEA/19852015-06-18 Reading sectionCentral Library, BUET2015-06-18 4Central Library, BUET  628_000000000000000_PEA_1985   2015-06-18
2General Book81894628/PEA/19852017-10-31 Circulation sectionCentral Library, BUET2021-11-13 5Central Library, BUET  628_000000000000000_PEA_1985 2020-03-16 1991-10-28
 Rental Item81847628 PEA/19852024-12-01 Rental sectionCentral Library, BUET2024-12-01 ক-৫১Central Library, BUET  628_000000000000000_PEA_1985   1991-10-28
 Rental Item81874628 PEA/19852024-12-01 Rental sectionCentral Library, BUET2024-12-01 ক-৭৮Central Library, BUET  628_000000000000000_PEA_1985   1991-10-28
 Rental Item81875628 PEA/19852024-12-01 Rental sectionCentral Library, BUET2024-12-01 ক-৭৯Central Library, BUET  628_000000000000000_PEA_1985   1991-10-28
 Rental Item81876628 PEA/19852024-12-01 Rental sectionCentral Library, BUET2024-12-01 ক-৮০Central Library, BUET  628_000000000000000_PEA_1985   1991-10-28
 Rental Item81877628 PEA/19852024-12-01 Rental sectionCentral Library, BUET2024-12-01 ক-৮১Central Library, BUET  628_000000000000000_PEA_1985   1991-10-28
 Rental Item81878628 PEA/19852024-12-01 Rental sectionCentral Library, BUET2024-12-01 ক-৮২Central Library, BUET  628_000000000000000_PEA_1985   1991-10-28
 Rental Item81879628 PEA/19852024-12-01 Rental sectionCentral Library, BUET2024-12-01 ক-৮৩Central Library, BUET  628_000000000000000_PEA_1985   1991-10-28
 Rental Item81880628 PEA/19852024-12-01 Rental sectionCentral Library, BUET2024-12-01 ক-৮৪Central Library, BUET  628_000000000000000_PEA_1985   1991-10-28
 Rental Item81881628 PEA/19852024-12-01 Rental sectionCentral Library, BUET2024-12-01 ক-৮৫Central Library, BUET  628_000000000000000_PEA_1985   1991-10-28
 Rental Item81882628 PEA/19852024-12-01 Rental sectionCentral Library, BUET2024-12-01 ক-৮৬Central Library, BUET  628_000000000000000_PEA_1985   1991-10-28
 Rental Item81883628 PEA/19852024-12-01 Rental sectionCentral Library, BUET2024-12-01 ক-৮৭Central Library, BUET  628_000000000000000_PEA_1985   1991-10-28
 Rental Item81884628 PEA/19852024-12-01 Rental sectionCentral Library, BUET2024-12-01 ক-৮৭Central Library, BUET  628_000000000000000_PEA_1985   1991-10-28